A special review of vigilance and anti- corporation work done during 1964-65 (Record no. 500138)

000 -LEADER
fixed length control field 00408cam a22001097a 4500
008 - FIXED-LENGTH DATA ELEMENTS--GENERAL INFORMATION
fixed length control field 180718b xxu||||| |||| 00| 0 eng d
082 ## - DEWEY DECIMAL CLASSIFICATION NUMBER
Classification number K782x54 In2s/1964-65
245 ## - TITLE STATEMENT
Title A special review of vigilance and anti- corporation work done during 1964-65
Statement of responsibility, etc. by Central Bureau of Investigation, India
260 ## - PUBLICATION, DISTRIBUTION, ETC.
Place of publication, distribution, etc.
Name of publisher, distributor, etc. Central Bureau of Investigation
Date of publication, distribution, etc.
300 ## - PHYSICAL DESCRIPTION
Extent 178+p.
700 ## - ADDED ENTRY--PERSONAL NAME
Personal name India. Central Bureau of Investigation
Holdings
Withdrawn status Lost status Damaged status Not for loan Permanent Location Current Location Date acquired Full call number Barcode Date last seen Price effective from Koha item type
        Indian Institute of Public Administration Indian Institute of Public Administration 2018-08-04 K782x54 In2s/1964-65 GG4644 2018-08-04 2018-08-04 GG

Powered by Koha